Presidential First Names - Statistics

General Stats
  • This quiz has been taken 395 times
  • The average score is 38 of 45
Answer Stats
# First Name % Correct
1 George
100%
41 George
100%
43 George
100%
2 John
99%
6 John
99%
10 John
99%
35 John
99%
44 Barack
95%
45 Donald
95%
4 James
95%
5 James
95%
11 James
95%
15 James
95%
20 James
95%
39 James
95%
9 William
94%
25 William
94%
27 William
94%
42 William
94%
16 Abraham
91%
3 Thomas
91%
37 Richard
88%
40 Ronald
88%
14 Franklin
87%
32 Franklin
87%
7 Andrew
82%
17 Andrew
82%
36 Lyndon
82%
26 Theodore
80%
34 Dwight
78%
38 Gerald
78%
28 Woodrow
76%
31 Herbert
75%
33 Harry
74%
18 Ulysses
74%
22 Grover
67%
24 Grover
67%
30 Calvin
66%
8 Martin
66%
13 Millard
63%
12 Zachary
63%
23 Benjamin
62%
21 Chester
54%
19 Rutherford
54%
29 Warren
50%
No matching quizzes found
Score Distribution
Percent of People with Each Score
Percentile by Number Answered
Your Score History
You have not taken this quiz